Operating system concepts (Record no. 137334)

000 -LEADER
fixed length control field 00311nam a2200109Ia 4500
008 - FIXED-LENGTH DATA ELEMENTS--GENERAL INFORMATION
fixed length control field 220120s9999||||xx |||||||||||||| ||und||
100 ## - MAIN ENTRY--PERSONAL NAME
Personal name Silberschatz, Abraham and others
245 #0 - TITLE STATEMENT
Title Operating system concepts
260 ## - PUBLICATION, DISTRIBUTION, ETC.
Place of publication, distribution, etc. John wiely & sons Inc.
Name of publisher, distributor, etc. London
Date of publication, distribution, etc. 2002
300 ## - PHYSICAL DESCRIPTION
Extent 738p.
Other physical details 395
650 ## - SUBJECT ADDED ENTRY--TOPICAL TERM
Topical term or geographic name entry element GENERAL BOOKS
Holdings
Withdrawn status Lost status Damaged status Not for loan Collection code Home library Current library Date acquired Barcode Date last seen Price effective from Koha item type
        Computer Science and Engineering Central Library Central Library 01/20/2022 GF1193 01/20/2022 01/20/2022 Gift Books

Powered by Koha